| 000 | 00317 a2200133 4500 | ||
|---|---|---|---|
| 003 | Nust | ||
| 005 | 20170207154234.0 | ||
| 040 | _cNust | ||
| 082 | _a050 | ||
| 100 | _aLt Col Ghulam Jelani Khan | ||
| 245 |
_aPakistan Army Journal 1994 (vol.iii) _cLt Col Ghulam Jelani Khan |
||
| 260 |
_aRawalpindi _bGHQ _c1994 |
||
| 300 | _a124p; | ||
| 942 | _cMAGS | ||
| 999 |
_c196037 _d196037 |
||